000 00231 a2200097 4500
001 48292
100 _aBoycott A.G
245 _aThe elements of imperial defense
260 _aLondon
_bGale and polden ltd
_c
090 _c31244
_d31244
942 _aNUST-CAE
_cM
_c23608
999 _c283365
_d283365